History of Medieval India (Record no. 7924)

000 -LEADER
fixed length control field 00347nam a22001457a 4500
003 - CONTROL NUMBER IDENTIFIER
control field OSt
005 - DATE AND TIME OF LATEST TRANSACTION
control field 20200604115120.0
008 - FIXED-LENGTH DATA ELEMENTS--GENERAL INFORMATION
fixed length control field 200604b ||||| |||| 00| 0 eng d
020 ## - INTERNATIONAL STANDARD BOOK NUMBER
International Standard Book Number 9789385621086
082 ## - DEWEY DECIMAL CLASSIFICATION NUMBER
Classification number 954.003
Item number KAM
100 ## - MAIN ENTRY--PERSONAL NAME
Personal name Kamini
245 ## - TITLE STATEMENT
Title History of Medieval India
260 ## - PUBLICATION, DISTRIBUTION, ETC. (IMPRINT)
Place of publication, distribution, etc New Delhi
Name of publisher, distributor, etc Nisha Publications
Date of publication, distribution, etc 2015
942 ## - ADDED ENTRY ELEMENTS (KOHA)
Source of classification or shelving scheme
Holdings
Withdrawn status Lost status Source of classification or shelving scheme Damaged status Koha normalized classification for sorting Not for loan Permanent location Current location Date acquired Full call number Barcode Date last seen Price effective from Koha item type
        954_003000000000000_KAM   BMS College of Architecture, Design and Planning BMS College of Architecture, Design and Planning 2020-06-04 954.003 KAM AR-UG1362 2020-06-04 2020-06-04 UG Books
Copyright © 2025, The Librarian, Library and Information Centre, BMSCA D&P, Bengaluru. All Rights Reserved
web counter

Powered by Koha